Organelles - Statistics

General Stats
  • This quiz has been taken 61 times
  • The average score is 7 of 28
Answer Stats
Hint Answer % Correct
Cells genetic control center (contains most of the cells DNA) Nucleus
100%
Barrier hold cell together. Cell membrane
70%
Dark spot inside the nucleus that makes ribosomes. (Genes containing the instructions to make ribosomes) Nucleolus
63%
Assembles amino acid into chains to form proteins. Ribosome
63%
Digests food, recycles, worn out organelles. Lysosome
43%
Store food, water, waste, pigments, poisons. (Plants have one big one and animals have several small ones) Vacuole
40%
The name for the DNA in the nucleus when the cell is not dividing, when DNA is not wound up into chromosomes, It is loose and spread out. Controls what goes in and out of the nucleus. Chromatin
37%
The area between the nuclear membrane and cell membrane mostly water, dissolved ions, small molecules, proteins, enzymes. Cytoplasm
37%
Modifies, sorts, and packages the products of the ER- to be secreted out of the cell or used in another organelle. Golgi
37%
Provides energy ATP Mitochondria
37%
Absorbs light and uses that energy to form organic molecules from CO2 and water. Chloroplast
30%
Support and protection, prevents expansion when water enters cell (Plants) Cell wall
23%
The fluid that surrounds the organelles Cytosol
23%
A system of interconnected tubes and sacs of membrane that often extends throughout most of the cell. ER
17%
Cylinder(composed of micro-tubules) that is involved with cell division in animal cells. Centriole
13%
Transports proteins, modify proteins for export, packages certain proteins into vesicles in order to leave. Rough ER
13%
Lipid synthesis, hormones, oils and phospolipids stores calcium in muscles cells (Liver cells have lots) Smooth ER
13%
Merge with Golgi on the side of the ER, products are modified and sent away. Vesicle
10%
Space inside the ER Lumen
7%
Contain enzymes used in a variety of reactions that break down lipids and destroy toxins. Peroxisome
7%
Made of micro-tubules-used for movement Cilia and Flagella
3%
Reinforce cell shape and anchor certain organelles (bones of the cell) Intermediate Filaments
3%
Such as Actin-acid in cell movement and support cell shape Microfiliments
3%
Shape and support the cell also act as tracks that some organelles walk (If they have motor proteins) Micro-tubules
3%
Holds individual cells together. Tight Junctions
3%
How certain organelles work and communicate with each other to make either proteins or lipids. (Nucleus, ribosomes, Rough ER, Smooth ER, Golgi, Micro-tubules, Lysosomes, Vacuoles.) Endomembrane System
0%
Lipids and proteins which forms the external boundary of the cytoplasm of a cell or encloses a vacuole, and regulates the passage of molecules in and out of the cytoplasm. Plasma Membrane
0%
Channels between the cell walls. Plasmodesmata
0%
No matching quizzes found
Score Distribution
Percent of People with Each Score
Percentile by Number Answered
Your Score History
You have not taken this quiz